000 01599nam0a2200373 4500
001 RU\NLR\bibl\1231329
005 20260629063038.0
010 _a978-5-903161-03-4
021 _aRU
_b2008-24378
_91340
035 _a(nilc)EL/0000192137
035 _a(NLR Aleph) 001217597
090 _a117802
_c117802
100 _a20080508d2008 |||y0rusy50 ca
101 0 _arus
102 _aRU
105 _ay |||||||||
200 1 _aСправочник экономиста по ценообразованию
_f[Е.В. Кистерева]
_gпод ред. Е. Н. Ивановой
210 _aМосква
_cПрофессиональное издательство
_d2008
215 _a130 с.
_d25
225 1 _aБиблиотека журнала "Справочник экономиста"
_vвып. 3
320 _aПредм. указ.: 129-130
606 _aЦенообразование
_jСправочники
_3RU\NLR\auth\66207032
_91274254
610 1 _aценообразование
686 _a65.256я2
_vLBC/M
_2rubbk
686 _a06.75.47
_2rugasnti
686 _aУ9(2)-861(2Р)я2
702 1 _4340
_7ca
_8rus
_aИванова
_bЕ. Н.
_cканд. экон. наук, оценка стоимости
_gЕлена Николаевна
_935961
_3RU\NLR\auth\7753028
702 1 _aКистерева
_bЕ. В.
_gЕкатерина Владимировна
_4220
801 0 _aRU
_bЧелябинская ОУНБ
_c20080508
801 1 _aRU
_bЧелябинская ОУНБ
_c20080508
_2rusmarc
801 2 _aRU
_bNLR
_c20080523
_grcr
942 _cBOOK
980 _aNB